| 000 | 00801nac a22002051u 4500 | ||
|---|---|---|---|
| 008 | 100719t sy|||||r|||| 000 0 ara d | ||
| 082 |
_bق ص ي _a100 _222 |
||
| 100 |
_aالقصيمي، عبدالله _916398 |
||
| 245 |
_aايها العقل .. من رآك/ _cعبدالله القصيمي |
||
| 250 |
_a،ط2 _bموسعة |
||
| 260 |
_aبيروت: _bمطابع دار الغد، _c1967 |
||
| 300 |
_a477 ؛ص _c24 سم |
||
| 440 | _916400 | ||
| 490 |
_916400 _a؛العالم ليس عقلا _n3 |
||
| 511 | _aCatalogued by: Sara | ||
| 541 | _aالف باء | ||
| 650 |
_aالفلسفة _916209 |
||
| 942 |
_cBB _k100 ق ص ي _2ddc |
||
| 999 |
_c6841 _d6841 |
||